| 000 | 01951cam a2200421 a 4500 | ||
|---|---|---|---|
| 999 |
_c10223 _d10223 |
||
| 001 | 15873208 | ||
| 003 | GZU | ||
| 005 | 20211125151851.0 | ||
| 008 | 090819s2010 enkab b 001 0 eng | ||
| 010 | _a 2009034387 | ||
| 020 | _a9780195373486 (v. 1 : pbk.) | ||
| 020 | _a0195373480 (v. 1 : pbk.) | ||
| 020 | _a9780195373134 (v. 2) | ||
| 020 | _a0195373138 (v. 2) | ||
| 035 | _a(OCoLC)ocn430054742 | ||
| 040 |
_aDLC _cDLC _dBTCTA _dC#P _dYDXCP _dBWX _dCDX _dGSU _dDLC |
||
| 043 |
_afb----- _aew----- _an------ |
||
| 050 | 0 | 0 |
_aDT353.5. _bAFR 2010 |
| 100 | 1 |
_aWorger, William H. _eauthor |
|
| 245 | 1 | 0 |
_aAfrica and the West : _ba documentary history / _cWilliam H. Worger, Nancy L. Clark, Edward A. Alpers. |
| 250 | _a2nd ed. | ||
| 260 |
_aOxford ; _aNew York : _bOxford University Press, _c2010. |
||
| 300 |
_a2 v. : _bill., maps ; _c26 cm. |
||
| 500 | _aFirst ed. entered under title. | ||
| 504 | _aIncludes bibliographical references and indexes. | ||
| 505 | 0 | _av. 1. From the slave trade to conquest, 1441-1905 -- v. 2. From colonialism to independence, 1875 to the present. | |
| 650 | 0 |
_aSlave trade _xHistory _vSources. |
|
| 651 | 0 |
_aAfrica, Sub-Saharan _xRelations _zEurope _xHistory _vSources. |
|
| 651 | 0 |
_aEurope _xRelations _zAfrica, Sub-Saharan _xHistory _vSources. |
|
| 651 | 0 |
_aAfrica, Sub-Saharan _xRelations _zAmerica _xHistory _vSources. |
|
| 651 | 0 |
_aAmerica _xRelations _zAfrica, Sub-Saharan _xHistory _vSources. |
|
| 700 | 1 |
_aClark, Nancy L. _eauthor |
|
| 700 | 1 |
_aAlpers, Edward A. _eauthor |
|
| 856 | 4 | 2 |
_3Book review (H-Net) _uhttp://www.h-net.org/reviews/showrev.php?id=30970 |
| 906 |
_a7 _bcbc _corignew _d1 _eecip _f20 _gy-gencatlg |
||
| 942 |
_2lcc _cBK _eSecond edition _h353.5 _iAFR _kDT |
||